Internet a sociálne siete ako dôležitá súčasť marketingovej komunikácie
Nové formy marketingovej komunikácie - on-line marketing. Komunikačné nástroje v prostredí internetu. Medzi nové komunikačné prostriedky patria v rámci internetu sociálne siete, blogy, vyhľadávače, on-line reklama, rozvíjajúci sa mobilný marketing.
Salvato in:
| Autore principale: | |
|---|---|
| Natura: | Capitolo di libro |
| Lingua: | slovacco |
| Soggetti: | |
| Tags: |
Nessun Tag, puoi essere il primo ad aggiungerne!!
|
MARC
| LEADER | 00000nla$a2200000$$$4500 | ||
|---|---|---|---|
| 001 | 0125119 | ||
| 005 | 20240502072426.0 | ||
| 041 | 0 | |a slo | |
| 044 | |a SK | ||
| 245 | 1 | 0 | |a Internet a sociálne siete ako dôležitá súčasť marketingovej komunikácie |c Veronika Nekolová |
| 520 | |a Nové formy marketingovej komunikácie - on-line marketing. Komunikačné nástroje v prostredí internetu. Medzi nové komunikačné prostriedky patria v rámci internetu sociálne siete, blogy, vyhľadávače, on-line reklama, rozvíjajúci sa mobilný marketing. | ||
| 610 | 2 | 0 | |a komunikácia marketingová |
| 610 | 2 | 0 | |a internet |
| 610 | 2 | 0 | |a siete sociálne |
| 610 | 2 | 0 | |a siete počítačové |
| 610 | 2 | 0 | |a systémy dialógové |
| 100 | 1 | |a Nekolová, Veronika, 1984- | |